00519nam a22001577a 450000500170000001000150001702000260003203500130005803700130007108200060008410000210009024501430011126000380025427000430029230000260033520150105103725.0 aENG-111242 a9788125056805c280.00 aEN-94774 bDBAD/PUB aS aBalan, Chandrika aArya and other stories /ctranslated from the original Malayalam by the author Chandrika Balan ; with an introduction by K. Satchidanandan aNew DelhibOrient Blackswanc2014 a1/24, Asaf Ali RoadbNew Delhie110002 axvi,128p. c22cm(pbk)